| 000 -LEADER |
| fixed length control field |
00610nam a2200217Ia 4500 |
| 001 - CONTROL NUMBER |
| control field |
14425 |
| 003 - CONTROL NUMBER IDENTIFIER |
| control field |
GE_BSU |
| 005 - DATE AND TIME OF LATEST TRANSACTION |
| control field |
20210713120931.0 |
| 008 - FIXED-LENGTH DATA ELEMENTS--GENERAL INFORMATION |
| fixed length control field |
181216s1999||||eng|||||||||||||| ||eng|| |
| 020 ## - INTERNATIONAL STANDARD BOOK NUMBER |
| International Standard Book Number |
9780091867836 |
| 040 ## - CATALOGING SOURCE |
| Transcribing agency |
GE_BSU |
| 041 ## - LANGUAGE CODE |
| Language code of text/sound track or separate title |
eng |
| 080 ## - UNIVERSAL DECIMAL CLASSIFICATION NUMBER |
| Universal Decimal Classification number |
614.3 A-90 |
| 100 ## - MAIN ENTRY--PERSONAL NAME |
| Personal name |
Atkins, Robert C. |
| 9 (RLIN) |
12242 |
| 245 ## - TITLE STATEMENT |
| Title |
Dr. Adkins New Diet Revolution / |
| Statement of responsibility, etc. |
Atkins, Robert C. |
| 264 ## - PRODUCTION, PUBLICATION, DISTRIBUTION, MANUFACTURE, AND COPYRIGHT NOTICE |
| Place of production, publication, distribution, manufacture |
London : |
| Name of producer, publisher, distributor, manufacturer |
Vermillion, |
| Date of production, publication, distribution, manufacture, or copyright notice |
1999. |
| 300 ## - PHYSICAL DESCRIPTION |
| Extent |
417 p.; |
| Other physical details |
20 cm. |
| 653 ## - INDEX TERM--UNCONTROLLED |
| keyword |
Dr.Adkins New Diet Revolution |
| 653 ## - INDEX TERM--UNCONTROLLED |
| keyword |
ახალი დიეტის რევოლუცია |
| 942 ## - ADDED ENTRY ELEMENTS (KOHA) |
| Koha item type |
წიგნი |
| Source of classification or shelving scheme |
|